Ayakar (Record no. 5405)

MARC details
000 -LEADER
fixed length control field 00451cam a2200181ua 4500
008 - FIXED-LENGTH DATA ELEMENTS--GENERAL INFORMATION
fixed length control field 131126n ii |||gr||||Z||||||asm
040 ## - CATALOGING SOURCE
Transcribing agency MAIN
082 ## - DEWEY DECIMAL CLASSIFICATION NUMBER
Classification number 336.24
245 ## - TITLE STATEMENT
Title Ayakar
Statement of responsibility, etc. By A.R. Majumdar Rahman
250 ## - EDITION STATEMENT
Edition statement 1st ed.
260 ## - PUBLICATION, DISTRIBUTION, ETC.
Place of publication, distribution, etc. Dibrugarh:
Name of publisher, distributor, etc. pathyaputhi prastuti samanay samiti,
Date of publication, distribution, etc. 1974.
300 ## - PHYSICAL DESCRIPTION
Extent x,309p.
700 ## - ADDED ENTRY--PERSONAL NAME
Personal name Rahman,A.R. Rahman,
Relator term
942 ## - ADDED ENTRY ELEMENTS (KOHA)
Koha item type Books
653 ## - INDEX TERM--UNCONTROLLED
Uncontrolled term Public finance
653 ## - INDEX TERM--UNCONTROLLED
Uncontrolled term Ayakar
Holdings
Withdrawn status Lost status Damaged status Not for loan Home library Current library Shelving location Date acquired Total Checkouts Full call number Barcode Date last seen Copy number Price effective from Koha item type
        Central Library, Naharkatiya College Central Library, Naharkatiya College General Stacks 19/09/2020   336.24 | RAH 14074 19/09/2020 1 19/09/2020 Books

Naharkatiya College © 2020. All rights reserved.

Powered By